01421nam a2200361 a 4500001001200000003000800012006001900020007001500039008004100054020001800095020002700113040002100140035002100161041001300182043001200195050002400207245009700231260004000328300001100368490004500379500008800424500006700512504005100579533015200630650003200782655002900814700001700843700001800860700002100878710001700899856012600916999001701042ebr10715705CaPaEBRm o u cr cn|||||||||130613s2014 si sb 001 0 eng d z9789814332293 z9789814332941 (e-book) aCaPaEBRcCaPaEBR a(OCoLC)8499500391 aenghchi aa-cc---14aPN5362b.H57 2014eb02aA history of journalism in Chinah[electronic resource] .nVolume 5 /cedited by Fang Hanqi. aSingapore :bSilkroad Press,c2014. a177 p.0 aA history of journalism in China ;vv. 5 a"Translated by Barbara Cao. Edited by Barbaro Cao and Glenn Griffith."--t.p. verso. aOriginally published in 2004 by China Renmin University Press. aIncludes bibliographical references and index. aElectronic reproduction.bPalo Alto, Calif. :cebrary,d2013.nAvailable via World Wide Web.nAccess may be limited to ebrary affiliated libraries. 0aJournalismzChinaxHistory. 7aElectronic books.2local1 aHanqi, Fang.1 aCao, Barbara.1 aGriffith, Glenn.2 aebrary, Inc.40uhttp://site.ebrary.com/lib/rucke/Doc?id=10715705zAn electronic book accessible through the World Wide Web; click to view c27838d27838